|
|
|
|
| LEADER |
00000nam0a2200000 4500 |
| 001 |
94863 |
| 005 |
20231031105826.0 |
| 035 |
|
|
|a (RuTPU)RU\TPU\book\101614
|
| 090 |
|
|
|a 94863
|
| 100 |
|
|
|a 20060417d1957 m y0rusy50 ca
|
| 101 |
0 |
|
|a rus
|
| 102 |
|
|
|a RU
|
| 105 |
|
|
|a a z 001zy
|
| 200 |
1 |
|
|a Вопросы тектоники в работе шахтного геолога Донбасса
|f В. М. Омельянович
|
| 210 |
|
|
|a Москва
|c Углетехиздат
|d 1957
|
| 215 |
|
|
|a 96 с.
|c ил.
|
| 320 |
|
|
|a Библиогр.: с. 95.
|
| 610 |
1 |
|
|a угольные месторождения
|
| 610 |
1 |
|
|a тектоника
|
| 610 |
1 |
|
|a Донбасс
|
| 610 |
1 |
|
|a шахты
|
| 610 |
1 |
|
|a геологи
|
| 610 |
1 |
|
|a разведка
|
| 610 |
1 |
|
|a документация
|
| 610 |
1 |
|
|a гидрогеология
|
| 610 |
1 |
|
|a газоносность
|
| 610 |
1 |
|
|a маркшейдерские работы
|
| 610 |
1 |
|
|a горные работы
|
| 675 |
|
|
|a 622.333:55
|v 3
|
| 700 |
|
1 |
|a Омельянович
|b В. М.
|g Виталий Михайлович
|
| 801 |
|
1 |
|a RU
|b 63413507
|c 20060417
|g PSBO
|
| 801 |
|
2 |
|a RU
|b 63413507
|c 20060424
|g PSBO
|
| 942 |
|
|
|c BK
|